000 00608nab a2200193 4500
001 244442
003 OSt
005 20260223102248.0
007 tu
008 260223s2020|||||||
040 _aDE-2950
_cDE-2950
245 0 0 _aNeue Medienstation im Kleist-Museum
_bKultur. Besucher können in der Sonderausstellung "Zerbrochene Harmonien" eine musikalische Uraufführung nacherleben/
_cred
264 _c2025
653 _aFrankfurt (Oder)
653 _aKleist-Museum
653 _aMedienstation
773 0 _g37. Jahrgang (2026) Nr. 44 vom 21.02.2026 , S. 19
_tMärkische Oderzeitung
942 _2z
_cA
999 _c374315
_d374315